[Event "CRO-chT U20"]
[Site "Novalja"]
[Date "2024.04.05"]
[Round "6"]
[White "Karlusic, Luka"]
[Black "Domovic, Ognjen"]
[Result "1/2-1/2"]
[WhiteElo "2232"]
[BlackElo "1973"]
[PlyCount "118"]
[EventDate "2024.04.02"]
[EventType "swiss"]
[EventRounds "8"]
[EventCountry "CRO"]
[SourceTitle "EXT 2025"]
[Source "ChessBase"]
[SourceDate "2024.10.14"]
[SourceVersion "1"]
[SourceVersionDate "2024.10.14"]
[SourceQuality "1"]

1. d4 Nf6 2. c4 g6 3. Nc3 d5 4. Bg5 Ne4 5. Bh4 Nxc3 6. bxc3 Bg7 7. e3 dxc4 8. Bxc4 c5 9. Nf3 0-0 10. 0-0 Nc6 11. Rb1 cxd4 12. cxd4 b6 13. Qe2 Na5 14. Bb5 Bb7 15. Rbc1 h6 16. Ba6 Qd7 17. Rc3 Rfc8 18. Bxb7 Nxb7 19. Rfc1 Rxc3 20. Rxc3 Nd6 21. Qc2 Rc8 22. Rxc8+ Qxc8 23. Qxc8+ Nxc8 24. Kf1 Kf8 25. Bg3 Ke8 26. Ke2 Kd7 27. Kd3 Kc6 28. Be5 f6 29. Bg3 h5 30. Nd2 Nd6 31. Bxd6 exd6 32. e4 f5 33. f3 fxe4+ 34. fxe4 b5 35. Nf3 Bf6 36. h3 a5 37. g4 hxg4 38. hxg4 Be7 39. Ne1 Bf6 40. Nc2 Bg5 41. Kc3 Bc1 42. Ne1 Bg5 43. Nf3 Be7 44. Kb3 Bd8 45. a4 Be7 46. Ng1 Bg5 47. Nf3 Be7 48. Ne1 Bh4 49. Nc2 Bf6 50. axb5+ Kxb5 51. Na3+ Kc6 52. Kc4 Bg5 53. Nb1 Be3 54. Nc3 Bg5 55. Na4 Bd2 56. d5+ Kd7 57. Kd4 Ke7 58. e5 dxe5+ 59. Kxe5 Bb4 1/2-1/2

[Event "CRO-ch U13"]
[Site "Trogir"]
[Date "2018.06.19"]
[Round "7"]
[White "Domovic, Ognjen"]
[Black "Jaksic, Josip"]
[Result "0-1"]
[WhiteElo "1406"]
[BlackElo "1453"]
[PlyCount "42"]
[EventDate "2018.06.16"]
[EventType "swiss"]
[EventRounds "9"]
[EventCountry "CRO"]
[SourceTitle "EXT 2019"]
[Source "ChessBase"]
[SourceDate "2018.10.10"]
[SourceVersion "1"]
[SourceVersionDate "2018.10.10"]
[SourceQuality "1"]

1. Nf3 d5 2. g3 Nf6 3. c4 c6 4. cxd5 cxd5 5. Bg2 Bf5 6. d4 e6 7. Nc3 Nc6 8. Nh4 Bg4 9. Nf3 h6 10. e3 Bd6 11. 0-0 a6 12. Bd2 0-0 13. Rc1 Rc8 14. Na4 Nd7 15. Qb3 b6 16. Rfe1 Bf5 17. Qd1 Qe7 18. Bf1 b5 19. Nc3 Nb6 20. Nb1 f6 21. Ba5 Nxa5 0-1